000 00433nam a2200169 a 4500
001 5898
003 CO-ViMGA
008 141112s2004 ck r 000 u spa d
040 _aCO-ViMGA
_bspa
_cCO-ViMGA
082 0 4 _aR703 F171
100 1 _aFatas, Guillermo
_94486
245 1 0 _aDiccionario de terminos de arte
260 _aBarcelona :
_bAlianza,
_c1992
300 _a307 p
650 1 4 _aARTE - DICCIONARIOS
_94487
942 _2ddc
_cBK
999 _c17874
_d17874